Hearts of Iron 4 Starting Ideologies - Statistics

General Stats
  • This quiz has been taken 451 times
  • The average score is 52 of 80
Answer Stats
Question Answer % Correct
Turkey Non-aligned
98%
United States Democratic
93%
Italy Fascist
93%
Philippines Democratic
89%
Poland Non-aligned
88%
Australia Democratic
87%
People's Republic of China Communist
86%
Netherlands Democratic
85%
Tibet Non-aligned
85%
Canada Democratic
84%
Czechoslovakia Democratic
82%
Albania Non-aligned
82%
Afghanistan Non-aligned
82%
South Africa Democratic
81%
Yunnan Non-aligned
79%
Germany Fascist
78%
Bulgaria Non-aligned
76%
Yugoslavia Non-aligned
75%
Soviet Union Communist
74%
Iraq Non-aligned
74%
New Zealand Democratic
73%
Norway Democratic
72%
Belgium Democratic
72%
Shanxi Non-aligned
72%
Ethiopia Non-aligned
72%
Bhutan Non-aligned
72%
Nepal Non-aligned
72%
Ireland Democratic
69%
France Democratic
69%
United Kingdom Democratic
69%
Guangxi Clique Non-aligned
69%
Saudi Arabia Non-aligned
69%
Mongolia Communist
68%
Luxembourg Democratic
68%
Iran Non-aligned
68%
Tannu Tuva Communist
67%
Spain Democratic
67%
Manchukuo Fascist
67%
Denmark Democratic
66%
Yemen Non-aligned
66%
Oman Non-aligned
66%
Sweden Democratic
65%
Xibei San Ma Non-aligned
65%
Sinkiang Communist
64%
Japan Fascist
64%
Panama Democratic
63%
Liberia Democratic
62%
China Non-aligned
62%
Colombia Democratic
61%
Mengkukuo Fascist
61%
Hungary Non-aligned
61%
Switzerland Democratic
60%
Peru Fascist
59%
British Malaya Democratic
58%
Austria Non-aligned
58%
Costa Rica Democratic
57%
Finland Non-aligned
57%
Siam Non-aligned
57%
Venezuela Fascist
56%
Cuba Democratic
55%
Portugal Non-aligned
54%
El Salvador Fascist
53%
Argentina Non-aligned
53%
Dutch East Indies Democratic
52%
British Raj Non-aligned
52%
Ecuador Democratic
51%
Lithuania Non-aligned
51%
Chile Democratic
50%
Greece Non-aligned
50%
Latvia Non-aligned
50%
Nicaragua Non-aligned
48%
Estonia Non-aligned
47%
Mexico Non-aligned
45%
Guatemala Non-aligned
43%
Haiti Democratic
40%
Romania Democratic
39%
Uruguay Democratic
34%
Honduras Democratic
33%
Dominican Republic Fascist
33%
Paraguay Communist
29%
No matching quizzes found
Score Distribution
Percent of People with Each Score
Percentile by Number Answered
Your Score History
You have not taken this quiz